[Event "18th SC 1400/1800"]
[Site "SchemingMind.com"]
[Date "2006.10.29"]
[Round "-"]
[White "willygor"]
[Black "pompom"]
[Result "1-0"]
[WhiteCountry "ARG"]
[BlackCountry "FRA"]
[WhiteElo "1742"]
[WhiteRD "72"]
[BlackElo "1562"]
[BlackRD "83"]
[GameID "74140"]

1. e4 c5 2. f4 g6 3. Nf3 Bg7 4. Nc3 d6 5. Bb5+ Nc6 6. Bxc6+ bxc6 7. d3 Bg4 8. h3 Bxf3 9. Qxf3 e6 10. Bd2 Rb8
11. Rb1 Nf6 12. O-O O-O 13. f5
1-0

[Event "18th SC 1400/1800"]
[Site "SchemingMind.com"]
[Date "2006.10.29"]
[Round "-"]
[White "pompom"]
[Black "willygor"]
[Result "0-1"]
[WhiteCountry "FRA"]
[BlackCountry "ARG"]
[WhiteElo "1562"]
[WhiteRD "83"]
[BlackElo "1742"]
[BlackRD "72"]
[GameID "74141"]

1. e4 e5 2. Nf3 d6 3. Nc3 Nf6 4. Bb5+ Bd7 5. Qe2 Nc6 6. O-O Be7 7. d3 a6 8. Bc4 O-O 9. a3 Bg4 10. Qe3 h6
11. Nh4 Nd4
0-1

[Event "18th SC 1400/1800"]
[Site "SchemingMind.com"]
[Date "2006.10.29"]
[Round "-"]
[White "norlavuaram"]
[Black "willygor"]
[Result "0-1"]
[WhiteCountry "PER"]
[BlackCountry "ARG"]
[WhiteElo "1710"]
[WhiteRD "67"]
[BlackElo "1713"]
[BlackRD "72"]
[GameID "74147"]

1. e4 c5 2. Nf3 Nc6 3. Bb5 d6 4. c3 Bd7 5. O-O e5 6. h3 Nf6 7. Qe2 Be7 8. Rd1 a6 9. Ba4 b5 10. Bc2 Qc8
11. Kh2 O-O 12. d4 c4 13. d5 Nd8 14. Nbd2 Nb7 15. Nf1 Nc5 16. Ng3 Re8 17. Be3 Nb7 18. Rf1 Nc5 19. b4 cxb3 20. axb3 Bf8
21. Rfc1 h6 22. c4 Nh7 23. b4 Nb7 24. Bd3 bxc4 25. Rxc4 Qd8 26. Rac1 a5 27. bxa5 Nxa5 28. Rc7 Nb3 29. R1c3 Nc5 30. Rxd7 Nxd7
31. Nf5 Rc8 32. Rxc8 Qxc8 33. N3h4 Nc5 34. Bb5 Nd7= 35. Qg4 Kh8 36. Nxh6 Nhf6 37. Nxf7+ Kg8 38. Qg6 Qb7 39. Bc6 Qc7 40. Ng5 Re7
41. Nf5 Nc5 42. Bxc5 dxc5 43. Nxe7+ Bxe7 44. Ne6 Bd6 45. Nxc7 Bxc7 46. g4 c4 47. g5 Nh7 48. d6 Ba5 49. Bd5+ Kh8 50. Qf7 Nf6
0-1

[Event "18th SC 1400/1800"]
[Site "SchemingMind.com"]
[Date "2006.10.30"]
[Round "-"]
[White "willygor"]
[Black "norlavuaram"]
[Result "1-0"]
[WhiteCountry "ARG"]
[BlackCountry "PER"]
[WhiteElo "1742"]
[WhiteRD "72"]
[BlackElo "1823"]
[BlackRD "77"]
[GameID "74149"]

1. e4 c5 2. f4 Nc6 3. Nf3 g6 4. Bb5 Bg7 5. Bxc6 bxc6 6. O-O d6 7. Nc3 Nf6 8. d3 O-O 9. b3 Nxe4 10. dxe4 Bxc3
11. Rb1 Bg7 12. c4 a5 13. Qc2 Bg4 14. f5 Bxf3 15. Rxf3 Bd4+ 16. Kh1 Qd7 17. Bh6 Rfb8 18. Rbf1 Bg7 19. fxg6 fxg6 20. Bxg7 Kxg7
21. Rf7+ Kg8 22. Qc3
1-0

[Event "18th SC 1400/1800"]
[Site "SchemingMind.com"]
[Date "2006.10.30"]
[Round "-"]
[White "capablanca"]
[Black "willygor"]
[Result "0-1"]
[WhiteCountry "GER"]
[BlackCountry "ARG"]
[WhiteElo "1673"]
[WhiteRD "51"]
[BlackElo "1723"]
[BlackRD "71"]
[GameID "74288"]

1. c4 e5 2. Nc3 Nf6 3. g3 Bb4 4. Bg2 Nc6 5. a3 Bxc3 6. bxc3 O-O 7. Qc2 d6 8. Nf3 Bg4 9. d4 e4 10. Ng5 Re8
11. Nxe4 Nxe4 12. Bxe4 Kh8 13. h3 Bxe2 14. Be3 Bxc4 15. Bxh7 Qf6 16. Bd3 Bd5 17. Rf1 Na5 18. c4 Bf3 19. Kd2 Nc6 20. Rab1 Nxd4
21. Bxd4 Qxd4 22. Qc3 Re2+
0-1

[Event "18th SC 1400/1800"]
[Site "SchemingMind.com"]
[Date "2006.10.30"]
[Round "-"]
[White "capablanca"]
[Black "norlavuaram"]
[Result "0-1"]
[WhiteCountry "GER"]
[BlackCountry "PER"]
[WhiteElo "1659"]
[WhiteRD "57"]
[BlackElo "1790"]
[BlackRD "72"]
[GameID "74289"]

1. c4 Nf6 2. Nc3 g6 3. g3 Bg7 4. Bg2 O-O 5. d4 c5 6. d5 d6 7. Nf3 Nbd7 8. O-O a6 9. a4 b6 10. Ng5 Rb8
11. Bf4 h6 12. Nf3 Bb7 13. Re1 Ba8 14. e4 Nh5 15. Be3 Ne5 16. Nxe5 dxe5 17. Qd2 Kh7 18. Rab1 Nf6 19. f4 Ng4 20. Bh3 Nxe3
21. Qxe3 exf4 22. Qxf4 Qd6 23. Ne2 Be5 24. Qe3 b5 25. b3 bxa4 26. bxa4 Rxb1 27. Rxb1 e6 28. Nc1 Bd4
0-1

[Event "18th SC 1400/1800"]
[Site "SchemingMind.com"]
[Date "2006.10.30"]
[Round "-"]
[White "capablanca"]
[Black "pompom"]
[Result "1-0"]
[WhiteCountry "GER"]
[BlackCountry "FRA"]
[WhiteElo "1718"]
[WhiteRD "56"]
[BlackElo "1562"]
[BlackRD "83"]
[GameID "74290"]

1. c4 c5 2. Nc3 d6 3. g3 Nf6 4. Bg2 e6 5. d4 cxd4 6. Qxd4 Nc6 7. Qd2 Be7 8. Nf3 O-O 9. O-O d5 10. cxd5 exd5
11. Nd4
1-0

[Event "18th SC 1400/1800"]
[Site "SchemingMind.com"]
[Date "2006.10.30"]
[Round "-"]
[White "willygor"]
[Black "capablanca"]
[Result "0-1"]
[WhiteCountry "ARG"]
[BlackCountry "GER"]
[WhiteElo "1723"]
[WhiteRD "71"]
[BlackElo "1673"]
[BlackRD "51"]
[GameID "74291"]

1. e4 c5 2. f4 Nc6 3. Nf3 d6 4. Bb5 Bd7 5. Nc3 a6 6. Bxc6 Bxc6 7. d3 g6 8. O-O Bg7 9. Bd2 Nf6 10. Qe2 Qb6
11. Rab1 c4+ 12. Kh1 cxd3 13. cxd3 O-O 14. Be3 Qc7 15. Rfc1 Qd7 16. h3 Nh5 17. Kh2 Rac8 18. Nd4 Bxd4 19. Bxd4 Nxf4 20. Qf3 e5
21. Bf2 f5 22. Nd5 Bxd5 23. exd5 Qb5 24. Rxc8 Rxc8 25. d4 Qd3 26. Qxd3 Nxd3 27. Be1 Nxe1 28. Rxe1 e4 29. Re2 Rc4 30. Rd2 e3
31. Rd3 e2 32. Re3 Rc2 33. Kg3 g5 34. Kf2 Rxb2 35. Re6 Rxa2 36. Rxd6 b5 37. Rb6 Kf7 38. Ke1 h5 39. Rb7+ Ke8 40. d6 f4
41. Rh7 b4 42. Re7+ Kd8 43. d5 b3 44. Rb7 Ra5 45. Kxe2 Rxd5 46. Rxb3 Rxd6 47. Ra3 Kc7 48. Ra5 Rg6 49. Kd3 Kb6 50. Rf5 a5
51. Kc4 g4 52. Rxh5 gxh3 53. Rxh3 Rxg2 54. Rh6+ Kc7 55. Kb5 Rg5+ 56. Ka4 Rf5 57. Rh2 f3 58. Rf2 Kb6 59. Rb2+ Ka6 60. Rf2 Rf4+
61. Ka3 a4 62. Ka2 Ka5 63. Ka3 Kb5 64. Rb2+ Kc5 65. Rf2 Kd5 66. Rb2 f2 67. Rb5+ Kc6
0-1

[Event "18th SC 1400/1800"]
[Site "SchemingMind.com"]
[Date "2006.10.30"]
[Round "-"]
[White "norlavuaram"]
[Black "capablanca"]
[Result "1/2-1/2"]
[WhiteCountry "PER"]
[BlackCountry "GER"]
[WhiteElo "1710"]
[WhiteRD "67"]
[BlackElo "1684"]
[BlackRD "60"]
[GameID "74292"]

1. e4 c5 2. Nf3 g6 3. Nc3 Bg7 4. d4 cxd4 5. Nxd4 d6 6. Be3 Nf6 7. f3 Nc6 8. Bc4 O-O 9. O-O a6 10. Bb3 Na5
11. Qd2 Nxb3 12. Nxb3 Be6 13. Nd4 Bd7 14. Rad1 Rc8 15. Kh1 b5 16. a3 Bc6 17. Nde2 Bb7 18. Bh6 Nd7 19. Bxg7 Kxg7 20. f4 Qb6
21. Qd4+ Qxd4 22. Nxd4 Nc5 23. e5 dxe5 24. fxe5 e6 25. Nf3 Ne4 26. Nxe4 Bxe4 27. c3 Rfd8 28. Kg1 Rd5 29. Rxd5 Bxd5 30. Ng5 Rc7
31. Nh3 Rc5 32. Ng5 Rc7= 33. Nh3 Rc5 34. Ng5 Rc7 35. Nh3 Rc5 36. Ng5 Rc7 37. Nh3=
1/2-1/2

[Event "18th SC 1400/1800"]
[Site "SchemingMind.com"]
[Date "2006.10.30"]
[Round "-"]
[White "pompom"]
[Black "capablanca"]
[Result "0-1"]
[WhiteCountry "FRA"]
[BlackCountry "GER"]
[WhiteElo "1562"]
[WhiteRD "83"]
[BlackElo "1718"]
[BlackRD "56"]
[GameID "74293"]

1. e4 c5 2. Nf3 d6 3. d4 cxd4 4. Nxd4 g6 5. Nc3 Bg7 6. Bb5+ Bd7 7. O-O Nf6 8. Re1 O-O 9. Bc4 a6 10. f4 Qb6
0-1

[Event "18th SC 1400/1800"]
[Site "SchemingMind.com"]
[Date "2006.10.30"]
[Round "-"]
[White "desmondw"]
[Black "willygor"]
[Result "1-0"]
[WhiteCountry "IRL"]
[BlackCountry "ARG"]
[WhiteElo "1700"]
[WhiteRD "71"]
[BlackElo "1723"]
[BlackRD "71"]
[GameID "74372"]

1. d4 Nf6 2. Bf4 d6 3. Nf3 Bd7 4. e3 e6 5. Bd3 h6 6. Nc3 Be7 7. O-O O-O 8. Re1 a6 9. e4 Ne8 10. e5 d5
11. Qd2 c5 12. dxc5 Bxc5 13. Bxh6 f5 14. exf6 Qxf6 15. Bg5 Qf7 16. Bh4 Qh5 17. Re5 Qxh4 18. Nxh4 Bxf2+ 19. Kh1 Bxh4 20. Rh5 Bf6
21. Bh7+ Kf7 22. Nxd5 Bxb2 23. Rf1+ Nf6 24. Nxf6 Bxf6 25. Rg5 Bc6 26. Qd6 Nd7 27. Bg6+ Kg8 28. Qxe6+
1-0

[Event "18th SC 1400/1800"]
[Site "SchemingMind.com"]
[Date "2006.10.30"]
[Round "-"]
[White "desmondw"]
[Black "capablanca"]
[Result "1/2-1/2"]
[WhiteCountry "IRL"]
[BlackCountry "GER"]
[WhiteElo "1710"]
[WhiteRD "71"]
[BlackElo "1659"]
[BlackRD "57"]
[GameID "74373"]

1. e4 c5 2. c4 Nc6 3. Nf3 g6 4. d3 Bg7 5. Nc3 d6 6. Be3 a6 7. g3 Nf6 8. Nd5 Nxd5 9. cxd5 Ne5 10. Nxe5 Bxe5
11. d4 cxd4 12. Bxd4 Bxd4 13. Qxd4 O-O 14. Bg2 Bd7 15. O-O Rc8 16. Rfe1 Qa5 17. e5 dxe5 18. Rxe5 Qd8 19. Rae1 Re8 20. d6 exd6
21. Qxd6 Be6 22. Qxd8 Rexd8 23. Bxb7 Rc2 24. Bxa6 Rxb2 25. a4 Ra2 26. Bb5 Bb3 27. h4 Bxa4 28. Re8+ Rxe8 29. Rxe8+ Kg7 30. Ra8 Bb3=
1/2-1/2

[Event "18th SC 1400/1800"]
[Site "SchemingMind.com"]
[Date "2006.10.31"]
[Round "-"]
[White "desmondw"]
[Black "norlavuaram"]
[Result "1-0"]
[WhiteCountry "IRL"]
[BlackCountry "PER"]
[WhiteElo "1692"]
[WhiteRD "70"]
[BlackElo "1674"]
[BlackRD "79"]
[GameID "74374"]

1. d4 Nf6 2. Nf3 g6 3. Bf4 Bg7 4. e3 O-O 5. Bd3 d5 6. O-O b6 7. Be5 Nbd7 8. Bxf6 Nxf6 9. Nc3 Bg4 10. h3 Bd7
11. Ne5 c5 12. b3 Rc8 13. Nxd7 Qxd7 14. Bb5 Qd8 15. Na4 Ne4 16. Rc1 Nd6 17. Ba6 Rc7 18. dxc5 bxc5 19. Qxd5 Nc8 20. Qxd8 Rxd8
21. Rcd1 Rxd1 22. Rxd1 Nd6 23. c4 Rc6 24. Bb5 Rc8 25. Bd7 Rc7 26. Bg4 h5 27. Bf3 Rc8= 28. Rd5 Kf8 29. Nxc5 Ke8 30. Ne4 Nxe4
31. Bxe4 Rc7 32. a4 e6 33. Ra5 Bc3 34. Ra6 Bb4 35. g4 hxg4 36. hxg4 Kd7 37. Kg2 f5 38. gxf5 gxf5 39. Bd3 Bc5 40. Ra5 Bb6
41. Rb5 Kc6 42. a5 Bc5 43. b4 Bd6 44. e4 fxe4 45. Bxe4+ Kd7 46. c5 Bf8 47. f4 Bg7 48. Kf3 Kc8 49. a6 Bc3 50. f5 exf5
51. Bxf5+ Kd8 52. Rb8+ Ke7 53. Ke4 Be1 54. Kd5 Bf2 55. c6 Bg3 56. Rb7 Rxb7 57. cxb7 Kd8= 58. Kc6 Bb8 59. b5 Ke8 60. b6 Kd8
61. bxa7 Bxa7 62. b8=Q+ Bxb8 63. Kb7
1-0

[Event "18th SC 1400/1800"]
[Site "SchemingMind.com"]
[Date "2006.10.31"]
[Round "-"]
[White "willygor"]
[Black "desmondw"]
[Result "1-0"]
[WhiteCountry "ARG"]
[BlackCountry "IRL"]
[WhiteElo "1723"]
[WhiteRD "71"]
[BlackElo "1700"]
[BlackRD "71"]
[GameID "74376"]

1. e4 e5 2. Nf3 Nc6 3. Bc4 Bc5 4. a3 Nf6 5. Nc3 d6 6. d3 Be6 7. Nd5 h6 8. b4 Bd4 9. Nxd4 Bxd5 10. Nxc6 Bxc4
11. Nxd8
1-0

[Event "18th SC 1400/1800"]
[Site "SchemingMind.com"]
[Date "2006.10.30"]
[Round "-"]
[White "capablanca"]
[Black "desmondw"]
[Result "0-1"]
[WhiteCountry "GER"]
[BlackCountry "IRL"]
[WhiteElo "1659"]
[WhiteRD "57"]
[BlackElo "1710"]
[BlackRD "71"]
[GameID "74377"]

1. c4 e5 2. Nc3 Nc6 3. g3 Bc5 4. Bg2 Nf6 5. d3 d6 6. Nf3 Be6 7. O-O d5 8. cxd5 Nxd5 9. a3 O-O 10. Nxd5 Bxd5
11. b4 Bb6 12. Bb2 e4 13. dxe4 Bxe4 14. Ne5 Bxg2 15. Kxg2 Qe7 16. Nxc6 bxc6 17. e3 c5 18. bxc5 Bxc5 19. Qc2 Rab8 20. Qc3 f6
21. Rfc1 Bd6 22. Rd1 Be5
0-1

[Event "18th SC 1400/1800"]
[Site "SchemingMind.com"]
[Date "2006.11.04"]
[Round "-"]
[White "norlavuaram"]
[Black "desmondw"]
[Result "1-0"]
[WhiteCountry "PER"]
[BlackCountry "IRL"]
[WhiteElo "1710"]
[WhiteRD "67"]
[BlackElo "1669"]
[BlackRD "71"]
[GameID "74378"]

1. e4 e5 2. Nf3 Nc6 3. Bb5 Nf6 4. O-O Bc5 5. c3 d5 6. Nxe5 Bd7 7. Nxd7 Qxd7 8. d4 Be7 9. e5 Ng4 10. Nd2 O-O
11. Be2 Nh6 12. f4 f6 13. Nf3 Nf7 14. Bd3 fxe5 15. fxe5 Rae8 16. Qc2 h6 17. Bd2 Na5 18. Rae1 Nd8 19. e6 Qd6 20. Ne5 Bf6
21. Bh7+ Kh8 22. Ng6+ Kxh7 23. Nxf8+ Kg8 24. Qh7+ Kxf8 25. Rxf6+ gxf6 26. Bxh6#
1-0

[Event "18th SC 1400/1800"]
[Site "SchemingMind.com"]
[Date "2006.11.01"]
[Round "-"]
[White "simon_w"]
[Black "willygor"]
[Result "0-1"]
[WhiteCountry "IRL"]
[BlackCountry "ARG"]
[WhiteElo "1747"]
[WhiteRD "65"]
[BlackElo "1723"]
[BlackRD "71"]
[GameID "74449"]

1. e4 e5 2. Nf3 Nc6 3. Nc3 Nf6 4. b3 d6 5. Bb2 Bg4 6. h3 Bd7 7. Bd3 Be7 8. Qe2 a6 9. a4 Nd4 10. Nxd4 exd4
11. Nd5 Nxd5 12. exd5 O-O 13. Bxd4 Bf6 14. Be3 Bxa1 15. c3 Bxc3 16. dxc3 Qf6 17. Bd4 Qg5 18. Qf3 Qc1+ 19. Qd1 Rae8+ 20. Be2 Qg5
21. g3 Qxd5 22. Rh2 c5 23. Be3 Qxd1+ 24. Kxd1 Be6 25. c4 b5 26. axb5 axb5 27. Ke1 bxc4 28. bxc4 Ra8 29. Bf4 Rfd8 30. g4 Ra4
31. Rh1 Bxc4 32. Bg3 Re8
0-1

[Event "18th SC 1400/1800"]
[Site "SchemingMind.com"]
[Date "2006.11.01"]
[Round "-"]
[White "simon_w"]
[Black "capablanca"]
[Result "1-0"]
[WhiteCountry "IRL"]
[BlackCountry "GER"]
[WhiteElo "1747"]
[WhiteRD "65"]
[BlackElo "1673"]
[BlackRD "51"]
[GameID "74450"]

1. e4 c5 2. Bc4 Nc6 3. Nf3 e6 4. Nc3 a6 5. a4 Na5 6. b3 Nxc4 7. bxc4 d6 8. O-O Nf6 9. d3 Be7 10. e5 dxe5
11. Nxe5 O-O 12. Re1 Qd6 13. Qf3 Rb8 14. Bf4 Qd4 15. Ne4 Nxe4 16. Qxe4 Qxe4 17. Rxe4 Bd6 18. Rae1 f6 19. Nd7 Bxd7 20. Bxd6 f5
21. Bxb8 Rxb8 22. Re5 b6 23. c3 Kf7 24. d4 cxd4 25. cxd4 Rc8 26. d5 Rxc4 27. dxe6+
1-0

[Event "18th SC 1400/1800"]
[Site "SchemingMind.com"]
[Date "2006.11.02"]
[Round "-"]
[White "simon_w"]
[Black "norlavuaram"]
[Result "0-1"]
[WhiteCountry "IRL"]
[BlackCountry "PER"]
[WhiteElo "1678"]
[WhiteRD "72"]
[BlackElo "1710"]
[BlackRD "67"]
[GameID "74451"]

1. e4 c5 2. Bc4 Nc6 3. d3 Nf6 4. Be3 d6 5. h3 a6 6. a4 g6 7. Nf3 Bg7 8. O-O O-O 9. c3 Rb8 10. a5 Nxa5
11. Nbd2 Nxc4 12. Nxc4 b5 13. Na5 Qc7 14. d4 cxd4 15. Nxd4 Bb7 16. Nxb7 Qxb7 17. f3 Nd7 18. Qd2 Nb6 19. b3 Rbc8 20. Rac1 Rc7
21. Rfe1 Rfc8 22. g3 Nd7 23. Kg2 Nc5 24. Rb1 Nxe4 25. fxe4 Qxe4+ 26. Kh2 Rxc3 27. Bg5 Qxd4 28. Qxd4 Bxd4 29. Rxe7 Rc2+ 30. Kh1 f6
31. Bh6 Be5 32. Re1 Rb2 33. Bf4 Rxb3 34. Bxe5 dxe5 35. Rd1 Rb2 36. h4 a5 37. g4 a4 38. h5 a3 39. h6 a2 40. Rg7+ Kh8
41. Rc7 Ra8
0-1

[Event "18th SC 1400/1800"]
[Site "SchemingMind.com"]
[Date "2006.11.05"]
[Round "-"]
[White "simon_w"]
[Black "desmondw"]
[Result "1-0"]
[WhiteCountry "IRL"]
[BlackCountry "IRL"]
[WhiteElo "1707"]
[WhiteRD "69"]
[BlackElo "1710"]
[BlackRD "71"]
[GameID "74452"]

1. e4 e5 2. Nf3 Nc6 3. Bc4 Nf6 4. d3 Bc5 5. Be3 Bb6 6. O-O d6 7. h3 Be6 8. Nbd2 O-O 9. a3 d5 10. exd5 Bxd5
11. c3 e4 12. Bxd5 Qxd5 13. dxe4 Nxe4 14. Nxe4 Qxe4 15. Ng5 Qe7 16. Qd3 g6 17. Bxb6 axb6 18. f4 Rad8 19. Qg3 f6 20. Nf3 Rd6
21. f5 Qg7 22. fxg6 Qxg6 23. Qxg6+ hxg6 24. Nh4 Kg7 25. Rf3 Ne5 26. Rg3 Rd2 27. b4 Rc2 28. Rf1 Nc4 29. Nxg6 Nxa3 30. Nxf8+
1-0

[Event "18th SC 1400/1800"]
[Site "SchemingMind.com"]
[Date "2006.11.01"]
[Round "-"]
[White "willygor"]
[Black "simon_w"]
[Result "1-0"]
[WhiteCountry "ARG"]
[BlackCountry "IRL"]
[WhiteElo "1723"]
[WhiteRD "71"]
[BlackElo "1747"]
[BlackRD "65"]
[GameID "74454"]

1. e4 e5 2. Nf3 Nc6 3. Bc4 b6 4. d3 h6 5. a3 Bb7 6. Nc3 Nf6 7. Nd5 Bc5 8. b4 Bd4 9. c3 Nxd5 10. cxd4 Nc3
11. Qb3 Qf6 12. Qxc3 exd4 13. Qb3 O-O 14. O-O Ne5 15. Nxe5 Qxe5 16. Qc2 c6 17. f4 Qe7 18. Qf2 b5 19. Ba2 c5 20. bxc5 Qxc5
21. Bb2 b4 22. axb4 Qxb4 23. Ba3 Qc3 24. Bxf8 Rxf8 25. Bd5 Bxd5 26. exd5 Qc5 27. Rfc1 Qxd5 28. Rc4
1-0

[Event "18th SC 1400/1800"]
[Site "SchemingMind.com"]
[Date "2006.11.01"]
[Round "-"]
[White "capablanca"]
[Black "simon_w"]
[Result "0-1"]
[WhiteCountry "GER"]
[BlackCountry "IRL"]
[WhiteElo "1673"]
[WhiteRD "51"]
[BlackElo "1747"]
[BlackRD "65"]
[GameID "74455"]

1. c4 e5 2. Nc3 Bc5 3. g3 d6 4. Bg2 Nf6 5. d3 O-O 6. Nf3 Be6 7. O-O h6 8. a3 a5 9. Rb1 Nc6 10. Bd2 Qd7
11. Na4 Rfe8 12. Nxc5 dxc5 13. Be3 e4 14. dxe4 Nxe4 15. Qxd7 Bxd7 16. Ne1 b6 17. Nd3 Nd4 18. Bxe4 Rxe4 19. Nf4 Bc6 20. Rfd1 Rae8
21. Rbc1 g5 22. Nd5 Bxd5 23. cxd5 Nxe2+
0-1

[Event "18th SC 1400/1800"]
[Site "SchemingMind.com"]
[Date "2006.11.01"]
[Round "-"]
[White "norlavuaram"]
[Black "simon_w"]
[Result "1-0"]
[WhiteCountry "PER"]
[BlackCountry "IRL"]
[WhiteElo "1790"]
[WhiteRD "72"]
[BlackElo "1707"]
[BlackRD "69"]
[GameID "74456"]

1. e4 e5 2. Nf3 Nc6 3. Bb5 d6 4. c3 Bd7 5. O-O a6 6. Ba4 b5 7. Bb3 Nf6 8. d3 a5 9. h3 a4 10. Bc2 h6
11. Nbd2 Be7 12. d4 O-O 13. d5 Na5 14. Re1 c6 15. Nf1 cxd5 16. exd5 Nh5 17. Nxe5 Bf5 18. Bxf5 dxe5 19. Qxh5 g6 20. Bxg6 Bg5
21. Bxg5 Qxg5 22. Qxg5 hxg5 23. Bf5
1-0

[Event "18th SC 1400/1800"]
[Site "SchemingMind.com"]
[Date "2006.11.05"]
[Round "-"]
[White "desmondw"]
[Black "simon_w"]
[Result "1-0"]
[WhiteCountry "IRL"]
[BlackCountry "IRL"]
[WhiteElo "1710"]
[WhiteRD "71"]
[BlackElo "1707"]
[BlackRD "69"]
[GameID "74457"]

1. d4 d5 2. Nf3 Bf5 3. Bf4 Nc6 4. Nc3 e6 5. e3 a6 6. Bd3 g6 7. O-O Bd6 8. Ne5 Nxe5 9. dxe5 Bc5 10. e4 dxe4
11. Nxe4 Bxe4 12. Bxe4 c6 13. Qe2 Ne7 14. Bg5 Qc7 15. Bf6 Rg8 16. Rad1 Qb6 17. c3 a5 18. a3 a4 19. Qd3 Qxb2 20. Qd7+ Kf8
21. Rb1 Qxa3 22. Rxb7 h5 23. Rd1 Re8 24. Bxc6
1-0